| 000 | 00628nas a22001937a 4500 | ||
|---|---|---|---|
| 003 | NALT | ||
| 005 | 20211025144403.0 | ||
| 008 | 210325b th |||p| |||| 00| 0 tha d | ||
| 022 | _a01256483 | ||
| 040 | _aNALT | ||
| 041 | 0 | _atha | |
| 245 | 1 | 0 | _aจุฬาลงกรณ์เวชสาร |
| 260 | 3 | _aกรุงเทพฯ | |
| 310 | _aรายสองเดือน | ||
| 500 | _aหยุดผลิตและเปลี่ยนเป็นภาษาอังกฤษชื่อ Chulalongkorn Medical Journal | ||
| 850 | _aNALT | ||
| 942 |
_cJNR _2lcc |
||
| 998 |
_bjintana.i _d2017-03-07 14:27:03.957 _j755 _k จินตนา เอี่ยมคง |
||
| 999 |
_c91981 _d91981 |
||